000 01061 a2200217 4500
020 _a0764560514
020 _a9780764560514
082 0 4 _a005.369
090 _c3965
_d3965
100 1 _aMaran, Ruth.
245 1 0 _aTeach yourself visually microsoft office 2000 /
_cRuth Maran.
250 _a1st ed.
260 _a[S.l.] :
_bVisual,
_c1999.
300 _a416 p. ;
_c23 cm.
500 _aPaperback.
520 _aRead less and learn more. Teach Yourself Microsoft® Office 2000 VISUALLY™ makes understanding the basics of this powerful suite of programs easy and fun. The book features beautiful 3D drawings that fully illustrate each topic. You also find clear, concise, and jargon-free descriptions, time-saving advice, and two-page color spreads that provide complete coverage of key topic
700 _amaranGraphic
856 _3Amazon.com
_uhttp://www.amazon.com/exec/obidos/ASIN/0764560514/chopaconline-
856 _3Amazon customer reviews
_uhttp://www.chopac.org/cgi-bin/tools/azrev.pl?q=07645605
942 _cBK
_k005.369 LES
999 _c94
_d94